• 首页
  • 本馆介绍
  • 公告通知
  • 最新文献
  • 馆藏检索
  • 电子资源
  • 读者导购
  • 参考咨询
  • 我的图书馆
  • 登录
  • 详细信息显示
  • 放入我的书架
  • 预约/预借图书
  • 作者相关作品
  • 分类相关作品
  • 丛书相关作品
  • 出版社相关作品

书目信息

  • 表格格式
  • 工作单格式
  • 卡片格式
题名:
家校合作
    
 
作者: 康斯坦丁诺 著 ;王圆圆 译
分册:  
出版信息: 哈尔滨   黑龙江教育出版社  2017
页数: 228页
开本: 24cm
丛书名:
单 册:
中图分类: G459
科图分类:
主题词: 学校教育--合作--家庭教育
电子资源:
ISBN: 978-7-5316-9102-0
000 01446nam0 2200265 450
001 7082
005 20180604180819.98
010    @a978-7-5316-9102-0@dCNY35.00
100    @a20170427d2017 em y0chiy50 ea
101 1  @achi@ceng
102    @aCN@b230000
105    @ay z 000yy
200 1  @a家校合作@9jia xiao he zuo@e5格原则读懂教育互动@dEngage every family five simple principles@f(美)史蒂芬·M. 康斯坦丁诺(Steven M. Constantino)著@g王圆圆译@zeng
210    @a哈尔滨@c黑龙江教育出版社@d2017
215    @a228页@d24cm
314    @a史蒂芬·M. 康斯坦丁诺 (Steven M. Constantino),近20年来,康斯坦丁诺博士已经成为美国及全球成千上万的教师、管理者、校董事会成员以及商人心目中的一个神话人物。
330    @a本书作者通过对自己职业生涯中相关案例的陈述,为我们提供了一个建立并保持家庭与学校员工之间有效合作的可行方法,为我们描绘了一个简单、真实的蓝图,学校能根据这个蓝图来创造一个温馨的环境,真正地为学生服务。本书包括了许多可操作的方法来评估家庭参与度、衡量进度。作为一名经验丰富的教师及管理者,作者将家庭放在其作品的中心位置,并描绘了成功商业课堂中学来的知识。
510 1  @aEngage every family five simple principles@zeng
517 1  @a5格原则读懂教育互动@95 ge yuan ze du dong jiao yu hu dong
606 0  @a学校教育@x合作@x家庭教育
690    @aG459@v5
701  0 @c(美)@a康斯坦丁诺@9kang si tan ding nuo@c(Constantino, Steven M. )@4著
702  0 @a王圆圆@9wang yuan yuan@4译
801  0 @aCN@b91MARC@c20170427
905    @aMuseLib@dG459@e266
    
    家校合作:5格原则读懂教育互动=Engage every family five simple principles/(美)史蒂芬·M. 康斯坦丁诺(Steven M. Constantino)著/王圆圆译.-哈尔滨:黑龙江教育出版社,2017
    228页;24cm
    
    
    ISBN 978-7-5316-9102-0:CNY35.00
    本书作者通过对自己职业生涯中相关案例的陈述,为我们提供了一个建立并保持家庭与学校员工之间有效合作的可行方法,为我们描绘了一个简单、真实的蓝图,学校能根据这个蓝图来创造一个温馨的环境,真正地为学生服务。本书包括了许多可操作的方法来评估家庭参与度、衡量进度。作为一名经验丰富的教师及管理者,作者将家庭放在其作品的中心位置,并描绘了成功商业课堂中学来的知识。
●
相关链接 在E读中查询图书 在五车中查询图书 在当当中查询图书 在豆瓣中查询图书


正题名:家校合作     索取号:G459/266         预约/预借

序号 登录号 条形码 馆藏地/架位号 状态 备注
1 1116393   211163934   第一样本阅览室/ [索取号:G459/266] 在馆    
2 1116394   211163943   教育系资料室/ [索取号:G459/266] 在馆    
3 1116395   211163952   教育系资料室/ [索取号:G459/266] 在馆    
4 1116396   211163961   第四借阅区/ [索取号:G459/266] 在馆    
唐山师范学院图书馆 欢迎您!
大连网信软件有限公司© 版权所有